000 00210nam a22000857a 4500
008 161103b xxu||||| |||| 00| 0 eng d
100 _aSawthney p
_91023
245 _aCCE Science (vii)
260 _aNew Delhi
_bAPC
_c2010
999 _c3681
_d3681